Education unbound : the promise and practice of greenfield schooling (Record no. 12685)

000 -LEADER
fixed length control field 01121cam a2200277 a 4500
001 - CONTROL NUMBER
control field 15934558
005 - DATE AND TIME OF LATEST TRANSACTION
control field 20170105102406.0
008 - FIXED-LENGTH DATA ELEMENTS--GENERAL INFORMATION
fixed length control field 091006s2010 vau b 001 0 eng
010 ## - LIBRARY OF CONGRESS CONTROL NUMBER
LC control number 2009041959
020 ## - INTERNATIONAL STANDARD BOOK NUMBER
International Standard Book Number 9781416609131 (pbk. : alk. paper)
040 ## - CATALOGING SOURCE
Original cataloging agency DLC
Transcribing agency DLC
Modifying agency DLC
043 ## - GEOGRAPHIC AREA CODE
Geographic area code n-us---
050 00 - LIBRARY OF CONGRESS CALL NUMBER
Classification number LA217.2
Item number .H48 2010
082 00 - DEWEY DECIMAL CLASSIFICATION NUMBER
Classification number 370.973
Edition number 22
100 1# - MAIN ENTRY--PERSONAL NAME
Personal name Hess, Frederick M.
245 10 - TITLE STATEMENT
Title Education unbound : the promise and practice of greenfield schooling
Remainder of title the promise and practice of greenfield schooling
Statement of responsibility, etc. Frederick M. Hess.
260 ## - PUBLICATION, DISTRIBUTION, ETC.
Place of publication, distribution, etc. Alexandria, Va. :
Name of publisher, distributor, etc. ASCD,
Date of publication, distribution, etc. c2010.
300 ## - PHYSICAL DESCRIPTION
Extent xii, 178 p. ;
Dimensions 23 cm.
504 ## - BIBLIOGRAPHY, ETC. NOTE
Bibliography, etc. note Includes bibliographical references (p. 152-168) and index.
505 0# - FORMATTED CONTENTS NOTE
Formatted contents note What is greenfield schooling? -- Tilling the field -- Barriers -- Quality -- Talent -- Money -- Getting started.
650 #0 - SUBJECT ADDED ENTRY--TOPICAL TERM
Topical term or geographic name entry element Educational change
Geographic subdivision United States.
650 #0 - SUBJECT ADDED ENTRY--TOPICAL TERM
Topical term or geographic name entry element Educational innovations
Geographic subdivision United States.
906 ## - LOCAL DATA ELEMENT F, LDF (RLIN)
a 7
b cbc
c orignew
d 1
e ecip
f 20
g y-gencatlg
942 ## - ADDED ENTRY ELEMENTS (KOHA)
Source of classification or shelving scheme
Koha item type Book
Holdings
Withdrawn status Lost status Damaged status Not for loan Collection code Permanent Location Current Location Shelving location Date acquired Source of acquisition Cost, normal purchase price Total Checkouts Full call number Barcode Date last seen Price effective from Koha item type
          Central Library (CL) Central Library (CL) General Stacks 01/27/2014 Progressive International Agencies 2522.37   370.973 HES SEECS013147 01/27/2014 01/27/2014 Book
© 2023 Central Library, National University of Sciences and Technology. All Rights Reserved.